000 00444nam a2200193Ia 4500
005 20240823022818.0
008 240823s9999||||xx |||||||||||||| ||und||
041 _aENGLISH
082 _A629.13251 P7
100 _aJoseph T K
245 0 _aPrinciples of Navigation
250 _a2nd
260 _c2007
_b"ARI,New "
500 _aTRANSFERED
650 _aNavigation
_bMarine
700 _a Rewari S S S
942 _cBK
999 _c180058
_d180058